al-Ḥubb al-ʻudhrī / (Record no. 46498)

MARC details
000 -LEADER
fixed length control field 00743cam a22002411 4500
001 - CONTROL NUMBER
control field ne 63002556
003 - CONTROL NUMBER IDENTIFIER
control field DLC
005 - DATE AND TIME OF LATEST TRANSACTION
control field 20260227111753.0
008 - FIXED-LENGTH DATA ELEMENTS--GENERAL INFORMATION
fixed length control field 901205s1961 le b 000 0 arar
010 ## - LIBRARY OF CONGRESS CONTROL NUMBER
LC control number ne 63002556
035 ## - SYSTEM CONTROL NUMBER
System control number (OCoLC)22781691
040 ## - CATALOGING SOURCE
Original cataloging agency DLC
Transcribing agency WaU
Modifying agency MH
-- DLC
043 ## - GEOGRAPHIC AREA CODE
Geographic area code ma-----
050 00 - LIBRARY OF CONGRESS CALL NUMBER
Classification number PJ7542.L6
Item number S9 1961
100 1# - MAIN ENTRY--PERSONAL NAME
Personal name Sulaymān, Mūsá.
245 13 - TITLE STATEMENT
Title al-Ḥubb al-ʻudhrī /
Statement of responsibility, etc. Mūsá Sulaymān.
250 ## - EDITION STATEMENT
Edition statement Ṭabʻah 2., maʻa mukhtārāt min al-shiʻr al-ʻudhrī.
260 ## - PUBLICATION, DISTRIBUTION, ETC.
Place of publication, distribution, etc. Bayrūt :
Name of publisher, distributor, etc. Dār Maktabat al-Ḥayāh,
Date of publication, distribution, etc. [1961]
300 ## - PHYSICAL DESCRIPTION
Extent 159 p. ;
Dimensions 24 cm.
504 ## - BIBLIOGRAPHY, ETC. NOTE
Bibliography, etc. note Bibliography: p. 155-157.
650 #0 - SUBJECT ADDED ENTRY--TOPICAL TERM
Topical term or geographic name entry element Platonic love in literature.
650 #0 - SUBJECT ADDED ENTRY--TOPICAL TERM
Topical term or geographic name entry element Love poetry, Arabic
General subdivision History and criticism.

No items available.

Powered by Koha